logo

Bir Sreshtho Munshi Abdur Rouf Library
Jhenaidah Cadet College

অপারেশন জয়বাংলা / (Record no. 3895)

MARC details
000 -LEADER
fixed length control field 00658nam a2200229 a 4500
001 - CONTROL NUMBER
JCCL Control Number 3895
003 - CONTROL NUMBER IDENTIFIER
JCCL marc code BD-JhCC
005 - DATE AND TIME OF LATEST TRANSACTION
control field 20180304172531.0
008 - FIXED-LENGTH DATA ELEMENTS--GENERAL INFORMATION
fixed length control field 171119s1998 bg |||| ||a| 000 0 ben d
020 ## - INTERNATIONAL STANDARD BOOK NUMBER
International Standard Book Number 9844014530
035 ## - SYSTEM CONTROL NUMBER
system control number (BD-JhCC)3895
040 ## - CATALOGING SOURCE
Original cataloging agency BD-JhCC
Modifying agency BD-JhCC
041 ## - LANGUAGE CODE
Language code of Book ben
082 ## - DEWEY DECIMAL CLASSIFICATION NUMBER
Classification number 891.443
Author mark and Year SAR 1998
100 ## - MAIN ENTRY--PERSONAL NAME
Personal name সরকার, মঞ্জু
245 ## - TITLE STATEMENT
Title অপারেশন জয়বাংলা /
Statement of responsibility, etc মঞ্জু সরকার,
260 ## - PUBLICATION, DISTRIBUTION, ETC. (IMPRINT)
Place of publication, distribution, etc ঢাকা :
Name of publisher, distributor, etc আগামী প্রকাশনী,
Date of publication, distribution, etc 1998
300 ## - PHYSICAL DESCRIPTION
Pagination 102 p. :
Dimensions 21 cm.
650 ## - SUBJECT ADDED ENTRY--TOPICAL TERM
Topical term or geographic name as entry element Historical Novel
942 ## - ADDED ENTRY ELEMENTS (KOHA)
Source of classification or shelving scheme Dewey Decimal Classification
Koha item type Books
Holdings
Source of classification or shelving scheme Damaged status Not for loan Home library Current library Shelving location Date of accession Cost, normal purchase price Total Checkouts Full call number Barcode Date last seen Copy number Koha item type
Dewey Decimal Classification     JCC Rouf Library JCC Rouf Library General Stacks 11/19/2017 70.00   891.443 SAR 1998 3845 11/19/2017 C-1 Books

JCC Library | Contacts | JCC Home

Last Update on 23 September 2017
Copyright @ 2017-2020 JCC Rouf Library
Rouf Library, Jhenidah Cadet College (JCC), Bangladesh